LEADER 01456nam a2200253 i 4500 001 000000252281 003 CaOOAMICUS 005 20220204115243.0 008 161220s1627 it u000 u ita u 013 $a231186 026 $at-r- e-za e,a. ChCh (3) 1627 (A) 040 $aSeMil$bita 100 1 $aVilla, Giambattista .$0(OLS)http://semarc/name/83641 245 13$aLe sette chiese o' siano basiliche stationali della città di Milano seconda Roma con la forma delle orationi, le quali sono particolari a chiesa per chiesa, con molti altri particolari ... di Giovanni Battista Villa canonico in Santo Babila. 260 $aIn Milano :$bper Carl'Antonio Malatesta,$c1627. 300 $a395, [1] p. ;$c12º. 500 $aSegn.: A-P12 Q18 650 4$aMilano - Chiese, basiliche, santuari e parrocchie.$0(OLS)http://semarc/subject/44656 700 1 $aMalatesta, Carlo Antonio,$c.$0(OLS)http://semarc/name/40867 850 $aSeMil 852 $aSeMil$W1$xVenegono$y1$m3O I 60 FA$j202627$B202627$CSeMilBibl$Z2$F215377 $8I 996 $6245$aLe sette chiese o' siano basiliche stationali della città di Milano seconda Roma con la forma delle orationi, le quali sono particolari a chiesa per chiesa, con molti altri particolari ... di Giovanni Battista Villa canonico in Santo Babila$9(OLS)http://semarc/title/354546 996 $6260$aIn Milano :$bper Carl'Antonio Malatesta$9(OLS)http://semarc/publisher/55498 LEADER 00971nam a2200253 i 4500 001 000000037077 003 CaOOAMICUS 005 20120407000000.0 008 120407s1957 it u000 u ita u 013 $a7301 040 $aSeMil$bita 100 1 $aMorganti, Pasquale <1852-1921 ; vescovo>.$0(OLS)http://semarc/name/15171 245 10$aSic orabitis :$bpreghiere del sacerdote /$cmons. Pasquale Morganti. 250 $a4. edizione. 260 $aMilano :$bPaoline,$c1957. 300 $a637 p. ;$c19 cm. 490 0 $aVoci dall'alto ;$v38 650 4$aPreghiere - Testi.$0(OLS)http://semarc/subject/6541 830 0$aVoci dall'alto ;$v38.$0(OLS)http://semarc/title/196 850 $aSeMil 852 $aSeMil$W1$xVenegono$y1$m2C V 288$j3232$B3232$CSeMilBibl$Z2$F3232 $81 961 $aOmaggio: Deposito 996 $6245$aSic orabitis :$bpreghiere del sacerdote$9(OLS)http://semarc/title/44682 996 $6260$aMilano :$bPaoline$9(OLS)http://semarc/publisher/29684